00768nam a2200217Mu 450000500170000000800410001702000180005803500210007604000610009704100080015810000360016624500940020225000100029626000640030630000330037049000240040365000330042765000290046065000280048965000330051720250710102846.0171117s2005 ck r 000 0 spa d a9789582008024 a(OCoLC)991793632 aCO-BoUCMbspacSandra PalaciodDavid Moreno (modificó)0 aspa1 aDonado Viloria, Donaldo Alfonso10aDe la informacion a la opinionbLos generos periodisticoscDonaldo Alfonso Donado Viloria a1a.Ed aBogotá (Colombia)bCooperativa Editorial Magisterioc2005 a223 Páginasbilustraciones0 aColección palabra17aPeriodismo como profesión 27aPeriodismo investigativo27aPeriodismo de opinión27aPeriodismoxArte de escribir